[Event "Staufer op 32nd"]
[Site "Schwaebisch Gmuend"]
[Date "2020.01.06"]
[Round "9"]
[White "Farmani Anosheh, Armin"]
[Black "Hentrich, Johannes"]
[Result "1-0"]
[WhiteElo "2353"]
[BlackElo "2152"]
[PlyCount "187"]
[EventDate "2020.01.02"]
[EventType "swiss"]
[EventRounds "9"]
[EventCountry "GER"]
[SourceTitle "CBM 194 Extra"]
[Source "ChessBase"]
[SourceDate "2020.03.31"]
[SourceVersion "1"]
[SourceVersionDate "2020.03.31"]
[SourceQuality "1"]

1. e4 c5 2. Nf3 d6 3. Bb5+ Nd7 4. d4 cxd4 5. Qxd4 a6 6. Bxd7+ Bxd7 7. c4 e5 8. Qd3 b5 9. Nc3 bxc4 10. Qxc4 Qc8 11. Qd3 Be6 12. b3 Qb7 13. 0-0 h6 14. Nd2 Nf6 15. Nc4 Rc8 16. Ne3 Be7 17. Rd1 0-0 18. Bd2 Rc5 19. Rac1 Rfc8 20. h3 Bf8 21. Kh2 R8c7 22. Ncd5 Nxd5 23. Nxd5 Rc8 24. Rxc5 dxc5 25. Bc3 f6 26. Qc4 Kh8 27. f3 Rd8 28. Rd3 Qb5 29. Bd2 Rb8 30. Qc2 Rc8 31. Ne3 h5 32. Nc4 Bf7 33. Be3 Kg8 34. Rc3 Rd8 35. Nb2 Rc8 36. Kg1 Be6 37. Kf2 h4 38. Nc4 Rd8 39. Nb2 Rc8 40. a4 Qb7 41. Nc4 Qc7 42. Ke2 Rd8 43. Nb2 Qb7 44. Nc4 Rb8 45. Nd2 Qb4 46. Bxc5 Bxc5 47. Rxc5 Bxb3 48. Qxb3+ Qxb3 49. Nxb3 Rxb3 50. Rc6 Rb2+ 51. Kf1 Rb1+ 52. Kf2 Rb2+ 53. Kg1 Rb1+ 54. Kh2 Ra1 55. Rxa6 Kh7 56. Ra8 Kh6 57. a5 Kg6 58. a6 Kh6 59. Rh8+ Kg5 60. Rh7 Kg6 61. Rxh4 Rxa6 62. Rh8 Ra2 63. Kg3 Kf7 64. h4 g6 65. Rh7+ Kg8 66. Rb7 Ra1 67. Kg4 Rh1 68. g3 Rh2 69. Re7 Kf8 70. Rd7 Rh1 71. Rb7 Kg8 72. f4 exf4 73. Kxf4 Kf8 74. e5 g5+ 75. hxg5 fxe5+ 76. Kxe5 Re1+ 77. Kf6 Rf1+ 78. Kg6 Rf2 79. Rb4 Rh2 80. g4 Rh1 81. Rf4+ Kg8 82. Kf6 Ra1 83. g6 Ra5 84. Re4 Ra8 85. Re7 Rb8 86. Kg5 Ra8 87. Kh6 Rb8 88. Re6 Rf8 89. Rd6 Re8 90. g7 Rc8 91. Rf6 Re8 92. Rf8+ Rxf8 93. gxf8Q+ Kxf8 94. Kh7 1-0

[Event "Staufer op-A 30th"]
[Site "Schwaebisch Gmuend"]
[Date "2018.01.04"]
[Round "6"]
[White "Dgebuadze, Alexandre"]
[Black "Hentrich, Johannes"]
[Result "1-0"]
[WhiteElo "2521"]
[BlackElo "2181"]
[PlyCount "39"]
[EventDate "2018.01.02"]
[EventType "swiss"]
[EventRounds "9"]
[EventCountry "GER"]
[SourceTitle "CBM 182 Extra"]
[Source "ChessBase"]
[SourceDate "2018.02.23"]
[SourceVersion "1"]
[SourceVersionDate "2018.02.23"]
[SourceQuality "1"]

1. e4 c5 2. Nc3 d6 3. Nge2 Nf6 4. g3 e6 5. Bg2 Nc6 6. d4 cxd4 7. Nxd4 Nxd4 8. Qxd4 Be7 9. 0-0 0-0 10. e5 dxe5 11. Qxe5 Qb6 12. a4 Bc5 13. a5 Bxf2+ 14. Kh1 Qd4 15. Qe2 Bxg3 16. hxg3 e5 17. Ra4 Bg4 18. Qe1 Qd7 19. Qxe5 Bh3 20. Qb5 1-0

[Event "Staufer op 18th"]
[Site "Schwaebisch Gmuend"]
[Date "2006.01.03"]
[Round "4"]
[White "Hentrich, Johannes"]
[Black "Deglmann, Ludwig"]
[Result "1-0"]
[WhiteElo "2164"]
[BlackElo "2363"]
[PlyCount "59"]
[EventDate "2006.01.02"]
[EventType "swiss"]
[EventRounds "9"]
[EventCountry "GER"]
[SourceTitle "EXT 2007"]
[Source "ChessBase"]
[SourceDate "2006.11.23"]
[SourceVersion "1"]
[SourceVersionDate "2006.11.23"]
[SourceQuality "1"]

1. e4 g6 2. d4 Bg7 3. Nc3 d6 4. f4 a6 5. Nf3 b5 6. Bd3 Bb7 7. a4 b4 8. Ne2 Nd7 9. 0-0 c5 10. c3 bxc3 11. bxc3 Ngf6 12. e5 Nd5 13. Rb1 Qc8 14. Qe1 c4 15. Bc2 Qc6 16. Ng3 dxe5 17. fxe5 f5 18. exf6 Bxf6 19. Ne4 0-0-0 20. Qg3 Rdg8 21. Bd2 g5 22. Rb2 g4 23. Nh4 Bxh4 24. Qxh4 N5f6 25. Rf4 Rf8 26. Rb1 h5 27. Qe1 e5 28. dxe5 Nxe5 29. Rxb7 Qxb7 30. Nd6+ 1-0